| 000 | 00595nam a22001217a 4500 | ||
|---|---|---|---|
| 040 | _cRUA | ||
| 082 | _aDVM POL 2025 B707 Or.1 | ||
| 100 | _aPOLL SOKHOM, ប៉ុល សុខុម | ||
| 245 | _aCase Of canine Parvovirus in animal clinic at bavet commune bavet district, svay rieng province, ករណីជំងឺ PARVOVIRUS លើសុនខនៅគ្លីនិកសត្វក្នុងសង្កាត់បាវិត ក្រុងបាវិត ខេត្តស្វាយរៀង | ||
| 260 |
_aPHNOM PENH _bRUA _c2025 |
||
| 300 |
_ax,45p. _bill. _c29cm. |
||
| 942 | _cNRM | ||
| 999 |
_c25690 _d25690 |
||